000 00215 a2200097 4500
001 57885
100 _a
245 _aWaris shah; zindagi aur zamana
260 _aIslamabad
_bLock Virsa
_c2002
090 _c35496
_d35496
942 _aNUST-CAE
_c
_c28331
999 _c292958
_d292958